A Seikilos-költemény 2008 /
Elmentve itt :
| Szerző: | |
|---|---|
| Dokumentumtípus: | Könyv része |
| Megjelent: |
2010
|
| Sorozat: | Acta antiqua et archaeologica : supplementum
13 Corollarium : tanulmányok a hatvanöt éves Tar Ibolya tiszteletére 13 |
| Kulcsszavak: | Klasszika-filológia |
| Tárgyszavak: | |
| Online Access: | http://acta.bibl.u-szeged.hu/32809 |
| LEADER | 00785naa a2200217 i 4500 | ||
|---|---|---|---|
| 001 | acta32809 | ||
| 005 | 20210917080914.0 | ||
| 008 | 161017s2010 hu o 0|| hun d | ||
| 022 | |a 0139-2743 | ||
| 040 | |a SZTE Egyetemi Kiadványok Repozitórium |b hun | ||
| 041 | |a hun | ||
| 100 | 1 | |a Ritoók Zsigmond | |
| 245 | 1 | 2 | |a A Seikilos-költemény |h [elektronikus dokumentum] : |b 2008 / |c Ritoók Zsigmond |
| 260 | |c 2010 | ||
| 300 | |a 240-246 | ||
| 490 | 0 | |a Acta antiqua et archaeologica : supplementum |v 13 | |
| 490 | 0 | |a Corollarium : tanulmányok a hatvanöt éves Tar Ibolya tiszteletére |v 13 | |
| 650 | 4 | |a Bölcsészettudományok | |
| 650 | 4 | |a Nyelvek és irodalom | |
| 695 | |a Klasszika-filológia | ||
| 856 | 4 | 0 | |u http://acta.bibl.u-szeged.hu/32809/1/antiqua_suppl_013_240-246.pdf |z Dokumentum-elérés |